000 00552nam a22001937a 4500
003 OSt
005 20140310181752.0
008 121213t xxu||||| |||| 00| 0 eng d
020 _a9715692400
050 _aQH 77
_b.P5 1997
082 _aQH77.P6 .
245 _aPhilippine Red data book :
_cWildlife Conservation Society of the Philippines, Inc.
_bred list of threatened animals /
260 _aMakati City :
_bBookmark,
_c1997
300 _a262 p. :
_bill. ;
_c23 cm.
526 _c880L-960L
562 _e1
942 _2lcc
_cBK
999 _c3277
_d3277